000 00252nam a2200097Ia 4500
008 190216s9999||||xx |||||||||||||| ||und||
100 _aNelkon M&Amp;Parkar P
245 0 _aAdvanced Level Physics
260 _bHeinemann Educational Books Ltd
942 _cBK
999 _c32664
_d32664